Catálogo
 En Linea

Ley orgánica de presupuesto para el sector público no. 423-06 / : (Registro nro. 38952)

Detalles MARC
000 -CABECERA
campo de control de longitud fija 00654nam a2200181 a 4500
001 - NÚMERO DE CONTROL
campo de control 000039462
005 - FECHA Y HORA DE LA ÚLTIMA TRANSACCIÓN
campo de control 20201002031648.0
008 - DATOS DE LONGITUD FIJA--INFORMACIÓN GENERAL
campo de control de longitud fija 100301s2007 dr 000 0 spa d
040 ## - FUENTE DE LA CATALOGACIÓN
Centro catalogador/agencia de origen DO-SdBNP
Lengua de catalogación spa
Centro/agencia transcriptor BNPHU
082 ## - NÚMERO DE LA CLASIFICACIÓN DECIMAL DEWEY
Número de clasificación xxx
Número de documento/Ítem L681o
049 ## - FONDOS LOCALES (OCLC)
Fondos de biblioteca BNPD
110 1# - ENTRADA PRINCIPAL--NOMBRE DE ENTIDAD CORPORATIVA
Nombre de entidad corporativa o nombre de jurisdicción como elemento de entrada Republica Dominicana.
Unidad subordinada Secretaría de Estado de Hacienda
-- Dirección General de Presupuesto (DIGEPRES)
9 (RLIN) 65660
240 13 - TÍTULO UNIFORME
Título uniforme [Leyes etc.]
245 10 - MENCIÓN DE TÍTULO
Título Ley orgánica de presupuesto para el sector público no. 423-06 / :
Resto del título 17 de noviembre 2006.
260 ## - PUBLICACIÓN, DISTRIBUCIÓN, ETC.
Lugar de publicación, distribución, etc. Santo Domingo :
Nombre del editor, distribuidor, etc. DIGEPRES,
Fecha de publicación, distribución, etc. 2007.
300 ## - DESCRIPCIÓN FÍSICA
Extensión 23 p. ;
Dimensiones 21 cm.
710 2# - PUNTO DE ACCESO ADICIONAL--NOMBRE DE ENTIDAD CORPORATIVA
Nombre de entidad corporativa o nombre de jurisdicción como elemento de entrada Oficina Nacional de Presupuesto ( ONAPRES)
9 (RLIN) 36281
Existencias
Estado de retiro Estado de pérdida No para préstamo Código de colección Localización permanente Ubicación/localización actual Ubicación en estantería Fecha de adquisición Número de inventario Total de préstamos Signatura topográfica completa Código de barras Fecha visto por última vez Precio válido a partir de Tipo de ítem Koha
    Excluido de préstamo Patrimonio Dominicano Patrimonio Dominicano Patrimonio Dominicano En catalogación 01.07.2013 LF1   xxx L681o 39462-10 25.06.2020 25.06.2020 Libro y Folleto Colección Patrimonio Dominicano

Con tecnología Koha